Beyond the silk route : (Record no. 3627)

MARC details
000 -LEADER
fixed length control field 00392nam a2200145 4500
001 - CONTROL NUMBER
control field 4386
005 - DATE AND TIME OF LATEST TRANSACTION
control field 20181127173313.0
020 00 - INTERNATIONAL STANDARD BOOK NUMBER
International Standard Book Number 97899993685401
090 00 - LOCALLY ASSIGNED LC-TYPE CALL NUMBER (OCLC); LOCAL CALL NUMBER (RLIN)
Classification number (OCLC) (R) ; Classification number, CALL (RLIN) (NR) 915.4 B9329b 2012
100 00 - MAIN ENTRY--PERSONAL NAME
Personal name Bukht, Afroze
245 00 - TITLE STATEMENT
Title Beyond the silk route :
Remainder of title Travels of a Bhutanese prince /
Statement of responsibility, etc. Afroze Bukht.
Medium
260 00 - PUBLICATION, DISTRIBUTION, ETC.
Place of publication, distribution, etc. Kolkata :
Name of publisher, distributor, etc. Rumana Bukht,
Date of publication, distribution, etc. 2014.
300 00 - PHYSICAL DESCRIPTION
Extent 201 p. ; 30 cm.
650 00 - SUBJECT ADDED ENTRY--TOPICAL TERM
Topical term or geographic name entry element Travel.
General subdivision
Holdings
Withdrawn status Lost status Source of classification or shelving scheme Damaged status Not for loan Collection code Home library Current library Shelving location Serial Enumeration / chronology Inventory number Total Checkouts Full call number Barcode Date last seen Price effective from Koha item type
    Dewey Decimal Classification     Main TEST RTC Library RTC Library Main opac 7941   915.4 BUK 30006619 27/11/2018 27/11/2018 Main
Royal Thimphu College || All Right Reserved